[Event "Bamberg op-B 5th"]
[Site "Bamberg"]
[Date "2023.07.26"]
[Round "1"]
[White "Kessler, Georg"]
[Black "Grining, Maria"]
[Result "0-1"]
[WhiteElo "1610"]
[BlackElo "1753"]
[PlyCount "44"]
[EventDate "2023.07.26"]
[EventType "swiss"]
[EventRounds "7"]
[EventCountry "GER"]
[SourceTitle "CBM 215 Extra"]
[Source "ChessBase"]
[SourceDate "2023.09.30"]
[SourceVersion "1"]
[SourceVersionDate "2023.09.30"]
[SourceQuality "1"]

1. Nf3 d5 2. c4 c6 3. d4 Nf6 4. Nc3 e6 5. Bg5 Be7 6. e3 Nbd7 7. cxd5 exd5 8. Bd3 0-0 9. 0-0 Re8 10. Rc1 Ne4 11. Bxe4 Bxg5 12. Bd3 Be7 13. a3 Bd6 14. b4 a6 15. Na4 Nf6 16. Qc2 Bg4 17. Nc5 Qc7 18. Nxb7 Qxb7 19. Qxc6 Qe7 20. Bxa6 Bd7 21. Qb6 Reb8 22. Bb7 Be8 0-1

[Event "Oberliga Baden 2223"]
[Site "Germany"]
[Date "2023.02.05"]
[Round "6.8"]
[White "Grining, Maria"]
[Black "Gubela, Hans Erich Constant"]
[Result "0-1"]
[WhiteElo "1750"]
[BlackElo "1791"]
[PlyCount "58"]
[EventDate "2022.09.18"]
[EventType "team-tourn"]
[EventRounds "9"]
[EventCountry "GER"]
[SourceTitle "EXT 2024"]
[Source "ChessBase"]
[SourceDate "2023.10.10"]
[SourceVersion "1"]
[SourceVersionDate "2023.10.10"]
[SourceQuality "1"]
[WhiteTeam "Karlsruhe"]
[BlackTeam "Sasbach"]
[WhiteTeamCountry "GER"]
[BlackTeamCountry "GER"]

1. d4 Nf6 2. Nf3 g6 3. c4 Bg7 4. Nc3 0-0 5. e4 d6 6. h3 Nc6 7. Be3 e5 8. d5 Ne7 9. b4 a5 10. a3 Nd7 11. c5 f5 12. Ng5 Nf6 13. f3 axb4 14. axb4 Rxa1 15. Qxa1 h6 16. Ne6 Bxe6 17. dxe6 d5 18. exd5 Nfxd5 19. Nxd5 Nxd5 20. Qa3 Nxe3 21. Qxe3 Qh4+ 22. Ke2 Qxb4 23. g4 Ra8 24. Kf2 e4 25. Kg3 Ra3 26. e7 Kf7 27. Bc4+ Kxe7 28. Qe2 Be5+ 29. Kg2 exf3+ 0-1

[Event "GER-chT U20 Girls"]
[Site "Kiel"]
[Date "2022.07.24"]
[Round "3.2"]
[White "Grining, Maria"]
[Black "Muedder, Melanie"]
[Result "1/2-1/2"]
[WhiteElo "1750"]
[BlackElo "1865"]
[PlyCount "57"]
[EventDate "2022.07.22"]
[EventType "team-swiss"]
[EventRounds "7"]
[EventCountry "GER"]
[SourceTitle "CBM 209 Extra"]
[Source "ChessBase"]
[SourceDate "2022.09.30"]
[SourceVersion "1"]
[SourceVersionDate "2022.09.30"]
[SourceQuality "1"]
[WhiteTeam "Karlsruhe SF"]
[BlackTeam "Solingen SG"]
[WhiteTeamCountry "GER"]
[BlackTeamCountry "GER"]

1. d4 Nf6 2. Nf3 g6 3. c4 Bg7 4. Nc3 d5 5. e3 0-0 6. Qb3 c6 7. Bd2 Na6 8. Be2 Qd6 9. c5 Qc7 10. Qa3 Nb8 11. b4 Bf5 12. b5 Nbd7 13. Nh4 Bg4 14. f3 Be6 15. f4 Ne4 16. Qb2 Ndf6 17. 0-0 Nxd2 18. Qxd2 Ne4 19. Qc2 Nxc3 20. Qxc3 Bd7 21. a4 Rac8 22. Rac1 Qd8 23. Nf3 b6 24. Ne5 bxc5 25. dxc5 Be8 26. Rfd1 f6 27. Nxc6 Bxc6 28. bxc6 Rxc6 29. Rxd5 1/2-1/2

[Event "GER-chT Federal Cup (Women)"]
[Site "Braunfels"]
[Date "2022.06.18"]
[Round "4.36"]
[White "Grining, Maria"]
[Black "Marx, Christina"]
[Result "1-0"]
[WhiteElo "1759"]
[BlackElo "1587"]
[PlyCount "105"]
[EventDate "2022.06.15"]
[EventType "team-swiss"]
[EventRounds "5"]
[EventCountry "GER"]
[SourceTitle "EXT 2023"]
[Source "ChessBase"]
[SourceDate "2022.10.05"]
[SourceVersion "1"]
[SourceVersionDate "2022.10.05"]
[SourceQuality "1"]

1. d4 Nf6 2. Nf3 e6 3. e3 b6 4. Bd3 Bb7 5. Nbd2 c5 6. b3 cxd4 7. exd4 Nc6 8. Bb2 Be7 9. 0-0 0-0 10. c4 d5 11. Ne5 Rc8 12. Nxc6 Bxc6 13. Qe2 Kh8 14. f4 g6 15. Rae1 Bd6 16. Kh1 Nh5 17. c5 Qh4 18. Qf2 Qxf4 19. cxd6 Qxd6 20. Qe3 Qe7 21. Nf3 Bd7 22. Ne5 Be8 23. Rc1 Rxc1 24. Bxc1 f6 25. Qh6 Kg8 26. Ng4 a5 27. Qe3 Bd7 28. Qe2 Kh8 29. Bh6 Rf7 30. Bd2 Rf8 31. Qf3 f5 32. Ne5 Be8 33. Bh6 Rg8 34. Bc1 Rf8 35. g4 Ng7 36. Bh6 Kg8 37. gxf5 exf5 38. Qxd5+ Kh8 39. Bc4 Qh4 40. Bxg7+ Kxg7 41. Nf3 Qe4 42. Qxe4 fxe4 43. Ng5 Rxf1+ 44. Bxf1 Bc6 45. Bg2 h6 46. Nxe4 g5 47. Kg1 b5 48. Kf2 b4 49. Nc5 Bb5 50. Ke3 Kf6 51. Bh3 h5 52. Bd7 Bf1 53. Nb7 1-0

[Event "BL2 Sued 2122 (Women)"]
[Site "Germany"]
[Date "2021.11.28"]
[Round "2.6"]
[White "Grining, Maria"]
[Black "Schaefer, Ann Kathrin"]
[Result "1-0"]
[WhiteElo "1755"]
[BlackElo "1701"]
[PlyCount "73"]
[EventDate "2021.11.27"]
[EventType "team-tourn"]
[EventRounds "7"]
[EventCountry "GER"]
[SourceTitle "EXT 2023"]
[Source "ChessBase"]
[SourceDate "2022.10.05"]
[SourceVersion "1"]
[SourceVersionDate "2022.10.05"]
[SourceQuality "1"]
[WhiteTeam "Karlsruhe (W)"]
[BlackTeam "Augsburg (W)"]
[WhiteTeamCountry "GER"]
[BlackTeamCountry "GER"]

1. d4 Nf6 2. Nf3 g6 3. c4 Bg7 4. Nc3 d6 5. e4 0-0 6. h3 b6 7. Bd3 Bb7 8. 0-0 Re8 9. Bg5 c5 10. d5 Nbd7 11. Bc2 a6 12. Ba4 Qc7 13. Re1 Reb8 14. Qd2 Rd8 15. Bh6 Bh8 16. Qg5 Ne5 17. Nxe5 dxe5 18. Qe3 Nh5 19. Ne2 Bg7 20. g4 Bxh6 21. Qxh6 Nf4 22. Nxf4 exf4 23. Bc2 Qe5 24. b3 Rd6 25. g5 Rad8 26. Rac1 Bc8 27. Kg2 R6d7 28. Kf3 Qc3+ 29. Kxf4 e5+ 30. dxe6 fxe6 31. Kg4 Rf7 32. f4 Qd2 33. Rf1 e5+ 34. f5 gxf5+ 35. Kh4 f4 36. Rcd1 Qxd1 37. Rxd1 1-0

[Event "BL2 Sued 2122 (Women)"]
[Site "Germany"]
[Date "2021.11.27"]
[Round "1.6"]
[White "Haecker, Gabriele"]
[Black "Grining, Maria"]
[Result "1-0"]
[WhiteElo "1969"]
[BlackElo "1755"]
[PlyCount "83"]
[EventDate "2021.11.27"]
[EventType "team-tourn"]
[EventRounds "7"]
[EventCountry "GER"]
[SourceTitle "EXT 2023"]
[Source "ChessBase"]
[SourceDate "2022.10.05"]
[SourceVersion "1"]
[SourceVersionDate "2022.10.05"]
[SourceQuality "1"]
[WhiteTeam "Stuttgart Wolfbusch (W)"]
[BlackTeam "Karlsruhe (W)"]
[WhiteTeamCountry "GER"]
[BlackTeamCountry "GER"]

1. e4 c6 2. d4 d5 3. e5 e6 4. f4 c5 5. c3 Nc6 6. Nf3 Nh6 7. g3 Nf5 8. Bh3 Qb6 9. Bxf5 exf5 10. 0-0 cxd4 11. cxd4 h5 12. Nc3 Be6 13. Ne2 Rc8 14. Rf2 Nb4 15. Nc3 Qa6 16. Rd2 Rc4 17. a3 Be7 18. Rb1 Nc6 19. h4 Qb6 20. Na4 Qb5 21. b4 a5 22. Rd3 axb4 23. Bd2 Na7 24. Nb2 Rc6 25. axb4 0-0 26. Ra3 Ra6 27. Rb3 Nc6 28. Nd3 b6 29. Ra1 Rfa8 30. Rxa6 Rxa6 31. Qc2 Ra4 32. Qb2 Bd7 33. Ng5 Qc4 34. Nf3 Ra1+ 35. Qxa1 Qxb3 36. Nfe1 Bxb4 37. Nxb4 Nxb4 38. Bxb4 Qxb4 39. Nf3 Qb5 40. Qa8+ Kh7 41. Ng5+ Kg6 42. Qg8 1-0

[Event "GER-ch U18 Girls"]
[Site "Willingen"]
[Date "2020.10.24"]
[Round "7"]
[White "Tornay, Haizea"]
[Black "Grining, Maria"]
[Result "1/2-1/2"]
[WhiteElo "1659"]
[BlackElo "1768"]
[PlyCount "61"]
[EventDate "2020.10.19"]
[EventType "swiss"]
[EventRounds "7"]
[EventCountry "GER"]
[SourceTitle "EXT 2022"]
[Source "ChessBase"]
[SourceDate "2021.10.06"]
[SourceVersion "1"]
[SourceVersionDate "2021.10.06"]
[SourceQuality "1"]

1. d4 Nf6 2. c4 e5 3. dxe5 Ng4 4. Bf4 Nc6 5. Nf3 Bb4+ 6. Nbd2 Qe7 7. e3 Ncxe5 8. Nxe5 Nxe5 9. a3 Bxd2+ 10. Qxd2 0-0 11. Be2 d6 12. 0-0 Bf5 13. c5 Rad8 14. Qd5 Rfe8 15. Rfd1 c6 16. cxd6 cxd5 17. dxe7 Rxe7 18. Bxe5 Rxe5 19. Rd4 Re4 20. Rad1 Rxd4 21. Rxd4 Rd7 22. Bb5 Rc7 23. Rxd5 Rc1+ 24. Bf1 g6 25. Rd2 Be6 26. f3 Bc4 27. Rf2 Re1 28. e4 f5 29. exf5 gxf5 30. g3 Rb1 31. b4 1/2-1/2

[Event "GER-ch U18 Girls"]
[Site "Willingen"]
[Date "2020.10.22"]
[Round "4"]
[White "Grining, Maria"]
[Black "Albayrak, Berrak"]
[Result "1/2-1/2"]
[WhiteElo "1768"]
[BlackElo "1433"]
[PlyCount "89"]
[EventDate "2020.10.19"]
[EventType "swiss"]
[EventRounds "7"]
[EventCountry "GER"]
[SourceTitle "EXT 2022"]
[Source "ChessBase"]
[SourceDate "2021.10.06"]
[SourceVersion "1"]
[SourceVersionDate "2021.10.06"]
[SourceQuality "1"]

1. d4 d6 2. Nf3 Nf6 3. c4 g6 4. Nc3 Bf5 5. Qb3 b6 6. Nh4 Bd7 7. e4 Nc6 8. Nf3 Bg4 9. Be3 Bg7 10. h3 Bxf3 11. gxf3 0-0 12. f4 e5 13. fxe5 dxe5 14. d5 Na5 15. Qc2 Nb7 16. Bg2 Nd6 17. Nb5 Nd7 18. b4 f5 19. exf5 gxf5 20. Nxd6 cxd6 21. Rc1 Qh4 22. Bd2 e4 23. Bc3 Ne5 24. Bxe5 Bxe5 25. Qe2 Qg5 26. Kd1 Qxg2 27. Kc2 Qf3 28. Qxf3 exf3 29. Rce1 Bd4 30. Re7 Rf7 31. Re6 Be5 32. Re1 Rf6 33. Re7 Rh6 34. c5 bxc5 35. bxc5 Rc8 36. c6 Rxh3 37. Rd7 Rh4 38. Kb3 Rb8+ 39. Rb7 Rf8 40. c7 a5 41. Rg1+ Kh8 42. Rc1 Rc8 43. a3 a4+ 44. Ka2 Re4 45. Rb8 1/2-1/2

[Event "GER-ch U18 Girls"]
[Site "Willingen"]
[Date "2020.10.21"]
[Round "2"]
[White "Kobald, Jacqueline"]
[Black "Grining, Maria"]
[Result "1-0"]
[WhiteElo "1955"]
[BlackElo "1768"]
[PlyCount "131"]
[EventDate "2020.10.19"]
[EventType "swiss"]
[EventRounds "7"]
[EventCountry "GER"]
[SourceTitle "EXT 2022"]
[Source "ChessBase"]
[SourceDate "2021.10.06"]
[SourceVersion "1"]
[SourceVersionDate "2021.10.06"]
[SourceQuality "1"]

1. e4 c5 2. Nf3 Nc6 3. d4 cxd4 4. Nxd4 g6 5. Nc3 Bg7 6. Be3 Nf6 7. Bc4 Qa5 8. 0-0 0-0 9. Bb3 d6 10. h3 Bd7 11. Re1 Rac8 12. f4 Qh5 13. Bf2 Qxd1 14. Raxd1 Nxd4 15. Bxd4 Nh5 16. Nd5 Rfe8 17. f5 e6 18. fxe6 Bxe6 19. c3 Bxd4+ 20. Rxd4 Kg7 21. Ba4 Red8 22. Red1 Ng3 23. Kf2 Bxd5 24. exd5 Nf5 25. Rb4 Rc7 26. g4 Ne7 27. Re4 f5 28. Re6 Kf7 29. Bb3 b5 30. Kg3 Nc8 31. gxf5 Re7 32. fxg6+ hxg6 33. Rf1+ Kg7 34. Bc2 Rxe6 35. dxe6 Re8 36. Rf7+ Kh6 37. Rc7 Nb6 38. Bb3 Nc4 39. Bxc4 bxc4 40. e7 a5 41. Kg4 Kg7 42. Kg5 Kf7 43. h4 d5 44. Ra7 a4 45. Kf4 Kf6 46. a3 Ke6 47. Ra6+ Kf7 48. Kg5 Rxe7 49. Rf6+ Ke8 50. Kxg6 Re2 51. Rb6 Rg2+ 52. Kf5 Kf7 53. Rb7+ Kg8 54. Ke5 Rh2 55. Kxd5 Rxh4 56. Rb4 Rh5+ 57. Kxc4 Ra5 58. Rb7 Kf8 59. Kb4 Ra6 60. c4 Ke8 61. Kb5 Ra8 62. c5 Kd8 63. c6 Kc8 64. Kb6 Kd8 65. c7+ Kc8 66. Rb8+ 1-0

[Event "GER-ch U18 Girls"]
[Site "Willingen"]
[Date "2020.10.21"]
[Round "3"]
[White "Muedder, Melanie"]
[Black "Grining, Maria"]
[Result "1-0"]
[WhiteElo "2039"]
[BlackElo "1768"]
[PlyCount "83"]
[EventDate "2020.10.19"]
[EventType "swiss"]
[EventRounds "7"]
[EventCountry "GER"]
[SourceTitle "EXT 2022"]
[Source "ChessBase"]
[SourceDate "2021.10.06"]
[SourceVersion "1"]
[SourceVersionDate "2021.10.06"]
[SourceQuality "1"]

1. e4 e6 2. d4 d5 3. Bd3 dxe4 4. Bxe4 Nf6 5. Bf3 c5 6. Ne2 Nc6 7. Be3 cxd4 8. Nxd4 Ne5 9. Be2 Nd5 10. Bc1 Be7 11. 0-0 0-0 12. c4 Nf6 13. Nc3 a6 14. Be3 Ng6 15. Qc2 e5 16. Nf5 Be6 17. Rad1 Qc7 18. Nxe7+ Nxe7 19. b3 Rad8 20. Bd3 Nc6 21. Bg5 Nb4 22. Qe2 Nxd3 23. Rxd3 Rxd3 24. Qxd3 Ng4 25. Qg3 h6 26. Bc1 Kh8 27. h3 Nf6 28. Qh4 Kg8 29. Bxh6 gxh6 30. Qxf6 Kh7 31. Re1 Rg8 32. Qxe5 Qxe5 33. Rxe5 Bxh3 34. g3 f6 35. Re7+ Rg7 36. Rxg7+ Kxg7 37. f3 h5 38. Kf2 Bf5 39. Ke3 Kf7 40. Kd4 Bd7 41. Kc5 Bc6 42. Nd5 1-0

[Event "Baden-ch U20"]
[Site "Karlsruhe"]
[Date "2020.01.04"]
[Round "4"]
[White "Grining, Maria"]
[Black "Schneider, Xenia"]
[Result "1-0"]
[WhiteElo "1744"]
[BlackElo "1332"]
[PlyCount "53"]
[EventDate "2020.01.02"]
[EventType "swiss"]
[EventRounds "7"]
[EventCountry "GER"]
[SourceTitle "CBM 194 Extra"]
[Source "ChessBase"]
[SourceDate "2020.03.31"]
[SourceVersion "1"]
[SourceVersionDate "2020.03.31"]
[SourceQuality "1"]

1. d4 c6 2. Nf3 d5 3. c4 e6 4. e3 Nd7 5. Nbd2 Ngf6 6. b3 Bb4 7. Bb2 Ne4 8. a3 Bxd2+ 9. Nxd2 Ndf6 10. Bd3 0-0 11. 0-0 Qc7 12. f3 Nxd2 13. Qxd2 Nd7 14. e4 Qd8 15. e5 Qh4 16. f4 f5 17. Rf3 Qe7 18. a4 b6 19. cxd5 exd5 20. Qc2 Qe6 21. Ba3 Re8 22. Bxf5 Qh6 23. Rh3 Qxf4 24. Bxh7+ Kh8 25. Bg8+ Kxg8 26. Qh7+ Kf7 27. Rf3 1-0

[Event "GER-chT U20"]
[Site "Braunschweig"]
[Date "2019.12.29"]
[Round "5.3"]
[White "Grining, Maria"]
[Black "Seref, Erdogan"]
[Result "1-0"]
[WhiteElo "1744"]
[BlackElo "2003"]
[PlyCount "43"]
[EventDate "2019.12.27"]
[EventType "team-swiss"]
[EventRounds "7"]
[EventCountry "GER"]
[SourceTitle "CBM 194 Extra"]
[Source "ChessBase"]
[SourceDate "2020.03.31"]
[SourceVersion "1"]
[SourceVersionDate "2020.03.31"]
[SourceQuality "1"]
[WhiteTeam "Karlsruhe SF"]
[BlackTeam "Brackel"]
[WhiteTeamCountry "GER"]
[BlackTeamCountry "GER"]

1. d4 Nf6 2. Nf3 d5 3. e3 c5 4. c4 Nc6 5. Nc3 Bg4 6. cxd5 Nxd5 7. Bc4 e6 8. 0-0 cxd4 9. exd4 Bxf3 10. Qxf3 Nxd4 11. Qe4 Nxc3 12. bxc3 Nc6 13. Rb1 Qc8 14. Qg4 Bd6 15. Qxg7 Be5 16. Qg5 Qc7 17. g3 Bxc3 18. Ba3 Qe5 19. Qxe5 Nxe5 20. Bb5+ Nc6 21. Rfc1 Bd4 22. Rxc6 1-0

[Event "GER-chT U20"]
[Site "Braunschweig"]
[Date "2019.12.27"]
[Round "1.7"]
[White "Simrock, Manuel"]
[Black "Grining, Maria"]
[Result "0-1"]
[WhiteElo "1211"]
[BlackElo "1744"]
[PlyCount "47"]
[EventDate "2019.12.27"]
[EventType "team-swiss"]
[EventRounds "7"]
[EventCountry "GER"]
[SourceTitle "CBM 194 Extra"]
[Source "ChessBase"]
[SourceDate "2020.03.31"]
[SourceVersion "1"]
[SourceVersionDate "2020.03.31"]
[SourceQuality "1"]
[WhiteTeam "Bensheim"]
[BlackTeam "Karlsruhe SF"]
[WhiteTeamCountry "GER"]
[BlackTeamCountry "GER"]

1. e4 c6 2. d4 d5 3. Nc3 dxe4 4. Nxe4 Nf6 5. Nxf6+ exf6 6. Nf3 Bd6 7. Bd3 Bg4 8. h3 Be6 9. 0-0 g5 10. Re1 h5 11. d5 cxd5 12. Nd4 Be5 13. Nxe6 fxe6 14. Bg6+ Kf8 15. Bxh5 Nc6 16. Rb1 Qd7 17. Bg6 Qg7 18. Bd3 f5 19. Qd2 Bf4 20. Qe2 Nd4 21. Qd1 Bxc1 22. Rxc1 g4 23. hxg4 Qh6 24. f4 0-1

[Event "GER-chT Federal Cup (Women)"]
[Site "Braunfels"]
[Date "2019.06.22"]
[Round "4.30"]
[White "Grining, Maria"]
[Black "Schulz, Theresa Charlotte"]
[Result "1-0"]
[WhiteElo "1709"]
[BlackElo "1603"]
[PlyCount "43"]
[EventDate "2019.06.20"]
[EventType "team-swiss"]
[EventRounds "5"]
[EventCountry "GER"]
[SourceTitle "CBM 191 Extra"]
[Source "ChessBase"]
[SourceDate "2019.09.30"]
[SourceVersion "1"]
[SourceVersionDate "2019.09.30"]
[SourceQuality "1"]

1. d4 f5 2. Nf3 Nf6 3. Bg5 Ne4 4. Bf4 g6 5. Be5 Nf6 6. Bxf6 exf6 7. e3 b6 8. Bc4 Ba6 9. Qe2 Bxc4 10. Qxc4 Nc6 11. Nc3 Na5 12. Qd3 Nb7 13. 0-0 c6 14. e4 f4 15. e5 f5 16. d5 Qe7 17. dxc6 dxc6 18. Qc4 Qc7 19. Nd5 Qc8 20. Nf6+ Ke7 21. Ng5 Nd8 22. Rad1 1-0

[Event "GER-chT Federal Cup (Women)"]
[Site "Braunfels"]
[Date "2019.06.21"]
[Round "2.6"]
[White "Grining, Maria"]
[Black "Heil, Marina"]
[Result "0-1"]
[WhiteElo "1709"]
[BlackElo "1979"]
[PlyCount "96"]
[EventDate "2019.06.20"]
[EventType "team-swiss"]
[EventRounds "5"]
[EventCountry "GER"]
[SourceTitle "CBM 191 Extra"]
[Source "ChessBase"]
[SourceDate "2019.09.30"]
[SourceVersion "1"]
[SourceVersionDate "2019.09.30"]
[SourceQuality "1"]

1. d4 g6 2. Nf3 Bg7 3. c4 c5 4. e3 cxd4 5. exd4 d6 6. Nc3 Nf6 7. Be2 0-0 8. 0-0 Nc6 9. a3 a6 10. h3 Qc7 11. Be3 Na5 12. Na4 Nxc4 13. Bxc4 b5 14. Bd3 bxa4 15. Qxa4 Bd7 16. Qd1 Rfb8 17. Qe2 Bb5 18. Bxb5 Rxb5 19. Rfc1 Qb7 20. Rc2 Rb3 21. Rac1 Nd5 22. Ne1 Rb8 23. Nd3 h6 24. Qd2 a5 25. Rd1 Qb5 26. a4 Qxa4 27. Nc1 Rxb2 28. Rxb2 Rxb2 29. Qxb2 Qxd1+ 30. Kh2 Qa4 31. Ne2 Qc4 32. Qd2 a4 33. Nf4 Nxf4 34. Bxf4 Bxd4 35. Bxh6 Be5+ 36. g3 Qb3 37. Qa5 Kh7 38. Bg5 Qc2 39. Be3 Kg7 40. Qb4 Qb3 41. Qh4 Bf6 42. Bh6+ Kg8 43. Bg5 a3 44. Bxf6 exf6 45. Qxf6 Qb2 46. Qd8+ Kg7 47. Qxd6 Qxf2+ 48. Kh1 Qb2 0-1

[Event "GER-chT U20"]
[Site "Osnabrueck"]
[Date "2018.12.28"]
[Round "4.6"]
[White "Karlisch, Moritz"]
[Black "Grining, Maria"]
[Result "1-0"]
[WhiteElo "1864"]
[BlackElo "1618"]
[PlyCount "75"]
[EventDate "2018.12.27"]
[EventType "team-swiss"]
[EventRounds "7"]
[EventCountry "GER"]
[SourceTitle "CBM 188 Extra"]
[Source "ChessBase"]
[SourceDate "2019.02.26"]
[SourceVersion "1"]
[SourceVersionDate "2019.02.26"]
[SourceQuality "1"]
[WhiteTeam "Kiel Doppelbauer"]
[BlackTeam "Karlsruhe SF"]
[WhiteTeamCountry "GER"]
[BlackTeamCountry "GER"]

1. d4 d5 2. c4 e6 3. Nc3 c5 4. cxd5 cxd4 5. Qa4+ Bd7 6. Qxd4 exd5 7. Qxd5 Nc6 8. Nf3 Nf6 9. Qd1 Bc5 10. e3 Qe7 11. Be2 0-0-0 12. Bd2 g5 13. 0-0 g4 14. Nh4 h5 15. a3 Nh7 16. g3 Ng5 17. b4 Bd6 18. Rc1 Kb8 19. Nd5 Qe6 20. Bc3 Ne5 21. b5 Rhg8 22. Nf4 Qh6 23. Qd5 Nef3+ 24. Nxf3 Nxf3+ 25. Bxf3 gxf3 26. Rfd1 Bxf4 27. exf4 Qe6 28. Be5+ Ka8 29. Bc7 Qh3 30. Qxf3 Rde8 31. Rd5 h4 32. f5 hxg3 33. fxg3 Rh8 34. Qf2 Bc8 35. b6 axb6 36. Qc2 Qg4 37. Qc3 Qa4 38. Bxb6 1-0

[Event "GER-chT U20"]
[Site "Osnabrueck"]
[Date "2018.12.28"]
[Round "3.6"]
[White "Reindl, Jork"]
[Black "Grining, Maria"]
[Result "1-0"]
[WhiteElo "1654"]
[BlackElo "1618"]
[PlyCount "127"]
[EventDate "2018.12.27"]
[EventType "team-swiss"]
[EventRounds "7"]
[EventCountry "GER"]
[SourceTitle "CBM 188 Extra"]
[Source "ChessBase"]
[SourceDate "2019.02.26"]
[SourceVersion "1"]
[SourceVersionDate "2019.02.26"]
[SourceQuality "1"]
[WhiteTeam "Schwaebisch Gmuend"]
[BlackTeam "Karlsruhe SF"]
[WhiteTeamCountry "GER"]
[BlackTeamCountry "GER"]

1. e4 c6 2. d4 d5 3. Nc3 dxe4 4. Nxe4 Nf6 5. Ng3 g6 6. Nf3 Bg7 7. Bc4 Nbd7 8. 0-0 0-0 9. c3 Qc7 10. Re1 b5 11. Bb3 Nb6 12. Qd2 Nbd5 13. Qe2 a5 14. a4 Be6 15. Bxd5 Nxd5 16. axb5 cxb5 17. Qxb5 Rfb8 18. Qe2 Ra7 19. Ng5 Rb6 20. Qf3 Nf6 21. Nxe6 fxe6 22. Qe2 Ra8 23. Qd3 Rab8 24. Rxa5 Rxb2 25. Rc5 Qd7 26. Bxb2 Rxb2 27. Rb1 Ra2 28. Rcb5 Nd5 29. Qf3 Bf6 30. Ne4 Rc2 31. Nxf6+ Nxf6 32. R5b2 Qa4 33. Rxc2 Qxc2 34. Rb8+ Kf7 35. g4 Qd2 36. h3 g5 37. Qe3 Qxe3 38. fxe3 Nd5 39. c4 Nxe3 40. c5 Nd5 41. c6 e5 42. dxe5 Ke6 43. Rd8 Nb6 44. c7 Kxe5 45. c8Q Nxc8 46. Rxc8 Ke4 47. Kf2 e5 48. Rh8 Kd3 49. Rxh7 e4 50. Rd7+ Kc2 51. Ke3 Kc1 52. Kxe4 Kc2 53. Ke3 Kc1 54. Rd5 Kc2 55. Rxg5 Kc1 56. h4 Kc2 57. h5 Kc1 58. h6 Kc2 59. h7 Kb1 60. Rc5 Ka2 61. h8Q Kb3 62. Qb8+ Ka4 63. Rc1 Ka3 64. Ra1# 1-0

[Event "Youth District Germany"]
[Site "Wuerzburg"]
[Date "2018.10.07"]
[Round "7.7"]
[White "Liu, Sijia Anna"]
[Black "Grining, Maria"]
[Result "1/2-1/2"]
[WhiteElo "1730"]
[BlackElo "1572"]
[PlyCount "70"]
[EventDate "2018.10.02"]
[EventType "team-swiss"]
[EventRounds "7"]
[EventCountry "GER"]
[SourceTitle "CBM 186 Extra"]
[Source "ChessBase"]
[SourceDate "2018.08.24"]
[SourceVersion "1"]
[SourceVersionDate "2018.08.24"]
[SourceQuality "1"]
[WhiteTeam "Wuerttemberg U20"]
[BlackTeam "Baden U20 II"]
[WhiteTeamCountry "GER"]
[BlackTeamCountry "GER"]

1. e4 c6 2. Nc3 d5 3. Qf3 dxe4 4. Nxe4 Nf6 5. Bc4 e6 6. d3 Nxe4 7. Qxe4 Be7 8. g4 Nd7 9. Bd2 Nf6 10. Qg2 Qc7 11. Bc3 Rg8 12. Nf3 Bd7 13. Ne5 Bd6 14. d4 Nd5 15. Qf3 f6 16. Nd3 0-0-0 17. Nc5 Bxc5 18. dxc5 Nxc3 19. Qxc3 Qf4 20. h3 Qe4+ 21. Kd2 Be8+ 22. Bd3 Qf4+ 23. Ke2 Bg6 24. Bxg6 hxg6 25. Rhd1 Qe4+ 26. Kf1 Qh1+ 27. Ke2 Qe4+ 28. Kf1 e5 29. f3 Qf4 30. Kg2 e4 31. fxe4 Qxe4+ 32. Kf2 Qf4+ 33. Qf3 Rd2+ 34. Rxd2 Qxd2+ 35. Qe2 Qf4+ 1/2-1/2

[Event "Youth District Germany"]
[Site "Wuerzburg"]
[Date "2018.10.05"]
[Round "5.7"]
[White "Bashylina, Luisa"]
[Black "Grining, Maria"]
[Result "1/2-1/2"]
[WhiteElo "1837"]
[BlackElo "1572"]
[PlyCount "57"]
[EventDate "2018.10.02"]
[EventType "team-swiss"]
[EventRounds "7"]
[EventCountry "GER"]
[SourceTitle "CBM 186 Extra"]
[Source "ChessBase"]
[SourceDate "2018.08.24"]
[SourceVersion "1"]
[SourceVersionDate "2018.08.24"]
[SourceQuality "1"]
[WhiteTeam "Nordrhein Westfalen U20"]
[BlackTeam "Baden U20 II"]
[WhiteTeamCountry "GER"]
[BlackTeamCountry "GER"]

1. e4 c6 2. Nf3 d5 3. exd5 cxd5 4. Ne5 Nc6 5. d4 e6 6. c3 Bd6 7. f4 Nge7 8. Bd3 Nf5 9. 0-0 g6 10. Qe2 0-0 11. Nd2 Re8 12. Ndf3 f6 13. Nxc6 bxc6 14. Qc2 Qc7 15. g4 Ng7 16. f5 exf5 17. g5 Nh5 18. c4 c5 19. gxf6 Nxf6 20. cxd5 cxd4 21. Nxd4 Qxc2 22. Nxc2 Bc5+ 23. Kg2 Nxd5 24. Bc4 Bb7 25. Rd1 Rad8 26. b4 Bb6 27. Bg5 Rd6 28. Bf4 Rdd8 29. a4 1/2-1/2

[Event "Youth District Germany"]
[Site "Wuerzburg"]
[Date "2018.10.05"]
[Round "4.7"]
[White "Grining, Maria"]
[Black "Butenandt, Svenja"]
[Result "0-1"]
[WhiteElo "1572"]
[BlackElo "1810"]
[PlyCount "63"]
[EventDate "2018.10.02"]
[EventType "team-swiss"]
[EventRounds "7"]
[EventCountry "GER"]
[SourceTitle "CBM 186 Extra"]
[Source "ChessBase"]
[SourceDate "2018.08.24"]
[SourceVersion "1"]
[SourceVersionDate "2018.08.24"]
[SourceQuality "1"]
[WhiteTeam "Baden U20 II"]
[BlackTeam "Bayern U20"]
[WhiteTeamCountry "GER"]
[BlackTeamCountry "GER"]

1. d4 Nf6 2. Nf3 e6 3. c4 d5 4. e3 c6 5. Be2 Be7 6. 0-0 0-0 7. b3 Nbd7 8. Bb2 Nb6 9. Qc2 Re8 10. Nbd2 a5 11. e4 dxe4 12. Nxe4 Nxe4 13. Qxe4 Bf6 14. Bd3 g6 15. h4 c5 16. h5 cxd4 17. hxg6 hxg6 18. Ne5 Nd7 19. Nxf7 Kxf7 20. Qxg6+ Kf8 21. Ba3+ Re7 22. Rfe1 Ra6 23. Re2 Qe8 24. Qxe8+ Kxe8 25. Bxe7 Kxe7 26. Rd1 Nc5 27. Bc2 Rd6 28. Bd3 b6 29. Be4 a4 30. b4 Nxe4 31. Rxe4 Rc6 32. Rexd4 0-1

[Event "Youth District Germany"]
[Site "Wuerzburg"]
[Date "2018.10.03"]
[Round "1.7"]
[White "Grining, Maria"]
[Black "Haenselmann, Hendrik"]
[Result "1/2-1/2"]
[WhiteElo "1572"]
[BlackElo "1660"]
[PlyCount "60"]
[EventDate "2018.10.02"]
[EventType "team-swiss"]
[EventRounds "7"]
[EventCountry "GER"]
[SourceTitle "CBM 186 Extra"]
[Source "ChessBase"]
[SourceDate "2018.08.24"]
[SourceVersion "1"]
[SourceVersionDate "2018.08.24"]
[SourceQuality "1"]
[WhiteTeam "Baden U20 II"]
[BlackTeam "Baden U20"]
[WhiteTeamCountry "GER"]
[BlackTeamCountry "GER"]

1. d4 Nf6 2. Nf3 e6 3. c4 b6 4. Nc3 Bb4 5. a3 Bxc3+ 6. bxc3 Bb7 7. g3 0-0 8. Bg2 d6 9. 0-0 Nbd7 10. a4 Re8 11. a5 bxa5 12. Rxa5 c5 13. Ra2 Qc7 14. Nd2 Bxg2 15. Kxg2 Qc6+ 16. f3 Nb6 17. Kf2 Rec8 18. Qb3 cxd4 19. cxd4 Nxc4 20. Nxc4 Qxc4 21. Qxc4 Rxc4 22. Bf4 Rxd4 23. Be3 Rc4 24. Rxa7 Rxa7 25. Bxa7 Rc2 26. Rb1 h6 27. Rb8+ Kh7 28. Rd8 d5 29. Bd4 Kg6 30. g4 Rc4 1/2-1/2